000
00313nam a22001337a 4500
082
_a
500
_b
NEP/N
100
_a
NEP
245
_a
NEP TUNED SCIENCE - 6
246
_a
NEP TUNED SCIENCE - 6
_b
NEP TUNED SCIENCE - 6
260
_a
HYDERABAD
_b
ORIENT BLACK SWAN
_c
2024
300
_a
234
650
_a
SCIENCE
942
_c
BK
999
_c
8936
_d
8936